000 01104nam a2200193 i 4500
001 47760
003 ES-MaACL
005 20251015063057.0
007 t|
008 030522s1879 fr ||||1| fre d
100 1 _aBossuet, Jacques Bénigne,
_d1627-1704
_930723
245 1 0 _aOeuvres /
_cde Bossuet.
260 _aParis :
_bFirmin Didot,
_c1879.
300 _a4 v. ;
_c27 cm.
505 8 _aContiene: 1. Egloge de Bossuet: discours / par M. Saint Marc Girardin. De l'instruction de Mgr le Dauphin. Connaissance de Dieu et de soi-même. Traité du libre arbitre. Discours sur l'histoire universelle. Politique tirée des propes paroles de l'ecriture sainte. Défense de la tradition et des saints Pères -- 2. Oraisons funèbres. Sermons -- 3. Sermons. Panegyriques. Meditations sur l'evangelie -- 4. Histoire des variations des Eglises protestantes. Instruction pastorale sur les promesses de l'Eglise. Elévation áa Dieu sur les mystères. Pensées morales et chrétiennes
700 0 _aSaint-Marc Girardin,
_d1801-1873
_9101538
852 _aES-MaACL
_jF-4009-12
999 _c47760
_d47760